Statistics for Fruit Scramble

Click here to take the quiz!

General Stats

  • This quiz has been taken 42 times
  • The average score is 15 of 16

Answer Stats

HintAnswer% Correct
naaabnbanana
100%
repapear
100%
pleapapple
97%
rbrlackbryeblackberry
97%
beubryerlblueberry
97%
rechrycherry
97%
gfifig
97%
iiwkkiwi
97%
nagmomango
97%
oengarorange
97%
bestrarrwystrawberry
97%
termelwaonwatermelon
97%
nutoocccoconut
95%
eparggrape
95%
ecahppeach
95%
garond{dragon} fruit
89%

Score Distribution

Percentile by Number Answered

Percent of People with Each Score

Your Score History

You have not taken this quiz